| 000 | 00646cam a22002291 4500 | ||
|---|---|---|---|
| 001 | sa 67003440 | ||
| 003 | DLC | ||
| 005 | 20260227112338.0 | ||
| 008 | 870812s1965 pk 000 0 eng | ||
| 010 | _asa 67003440 | ||
| 025 | _aPL480:P-E-1063 | ||
| 035 | _a(OCoLC)16440054 | ||
| 040 |
_aDLC _cWaU _dDLC |
||
| 042 | _apremarc | ||
| 050 | 0 | 0 |
_aLB1564.P142 _bA52 |
| 110 | 1 |
_aWest Pakistan (Pakistan). _bEducation Department. |
|
| 245 | 1 | 0 | _aSyllabus of studies for the English medium schools, classes I-VIII. |
| 260 |
_a[Lahore] _c1965. |
||
| 300 |
_a157 p. _c24 cm. |
||
| 500 | _aCover title. | ||
| 650 | 0 |
_aEducation _xCurricula _zPakistan. |
|
| 999 |
_c73845 _d73845 |
||